Sports Quiz

Random Sports or Basketball Quiz

NBA Top 200 Scorers Since 2000 Quiz Stats

 Plays Quiz Updated Apr 13, 2018

Also try: NBA 30 PPG Seasons
Challenge
Share
Tweet
Embed
Score 0/200 Timer 20:00
11 Plays Today
Primary Team, Position Player % Correct
Cavaliers, F*LeBron James
99.2%
Lakers, GKobe Bryant
98.9%
Spurs, F/CTim Duncan
94.6%
Mavericks, F*Dirk Nowitzki
94.3%
Heat, G*Dwyane Wade
94%
Nuggets, F*Carmelo Anthony
93.6%
Celtics, G/FPaul Pierce
93.3%
Thunder, F*Kevin Durant
92.8%
Timberwolves, FKevin Garnett
90.7%
Grizzlies, F/C*Pau Gasol
88.2%
Grizzlies, C*Marc Gasol
88.2%
Spurs, G*Tony Parker
87.2%
Hornets, F*David West
85.6%
Thunder, G*Russell Westbrook
85%
SuperSonics, GRay Allen
84.4%
76ers, GAllen Iverson
83.9%
Warriors, G*Stephen Curry
83.5%
Bulls, CEddy Curry
82.6%
Nets, G*Vince Carter
82.1%
Nets, GJason Kidd
82%
Lakers, CShaquille O'Neal
81.2%
Suns, GSteve Nash
80.6%
Magic, C*Dwight Howard
80.2%
Rockets, FJuwan Howard
79.6%
Mavericks, FJosh Howard
79.6%
Hornets, G*Chris Paul
79.2%
Wizards, G*John Wall
78.2%
Pacers, F/CJermaine O'Neal
77.4%
Hawks, G*Joe Johnson
76.5%
Hornets, G*D.J. Augustin
76.1%
Clippers, F*Blake Griffin
73.2%
Hornets, GBaron Davis
73.2%
Celtics, G/FRicky Davis
73.1%
Warriors, G*Klay Thompson
72.6%
Raptors, FChris Bosh
72.4%
Pelicans, C/F*Anthony Davis
72.2%
Rockets, G*James Harden
71.8%
Jazz, GDeron Williams
71.1%
Bulls, G*Derrick Rose
71%
76ers, G*Louis Williams
70.8%
Bucks, GMo Williams
70.8%
Hawks, F*Marvin Williams
70.8%
Raptors, G/FJalen Rose
70.5%
Spurs, G*Manu Ginobili
70.4%
Nuggets, G/F*J.R. Smith
70%
Magic, G/FTracy McGrady
69.9%
Hawks, FJosh Smith
69.7%
Magic, C*Nikola Vucevic
67.7%
Pacers, F*Paul George
67.7%
Suns, F/CAmar'e Stoudemire
66.8%
Pistons, F/CRasheed Wallace
64.7%
Bobcats, FGerald Wallace
64.6%
Pistons, GChauncey Billups
64.5%
Grizzlies, F*Zach Randolph
63.3%
Raptors, G*DeMar DeRozan
62.7%
Kings, C*DeMarcus Cousins
61.5%
Celtics, FAntoine Walker
61.4%
Thunder, F*Jeff Green
61.2%
Wizards, GGilbert Arenas
60.5%
Hornets, G*Kemba Walker
60.1%
Trail Blazers, G*Damian Lillard
60%
Bucks, FTim Thomas
59.7%
Knicks, F/CKurt Thomas
59.7%
Celtics, G*Isaiah Thomas
59.2%
Raptors, G*Kyle Lowry
59.2%
SuperSonics, GGary Payton
58.7%
Trail Blazers, F*LaMarcus Aldridge
58.3%
Primary Team, Position Player % Correct
Grizzlies, G/FMike Miller
58.1%
Nuggets, GAndre Miller
58.1%
Kings, CBrad Miller
58%
Cavaliers, G*Kyrie Irving
57.2%
Pistons, GRichard Hamilton
57.1%
Timberwolves, F*Kevin Love
57.1%
Wizards, FCaron Butler
56%
Trail Blazers, G*Jarrett Jack
55.3%
Nets, F*Richard Jefferson
55%
Timberwolves, F/C*Al Jefferson
54.9%
Nets, C*Brook Lopez
54.7%
Rockets, CYao Ming
54.5%
Celtics, G*Rajon Rondo
54.4%
Warriors, G/FStephen Jackson
54.3%
Suns, FShawn Marion
54%
Mavericks, G*Jason Terry
53.8%
Hawks, C*Al Horford
52.1%
Jazz, F*Gordon Hayward
51.8%
Grizzlies, G*Mike Conley
50.7%
Jazz, F*Paul Millsap
50.5%
Kings, FChris Webber
49.9%
Suns, G/FGrant Hill
49.9%
Wizards, FAntawn Jamison
49.8%
Warriors, GMonta Ellis
49.7%
76ers, G/F*Andre Iguodala
49.1%
Knicks, GStephon Marbury
48.8%
Bucks, GMichael Redd
48.6%
Pacers, G*George Hill
47%
Clippers, FElton Brand
46.7%
Bulls, GBen Gordon
46.2%
Knicks, GNate Robinson
46.2%
SuperSonics, FRashard Lewis
45.7%
Kings, GMike Bibby
45%
Jazz, FCarlos Boozer
44.6%
Bulls, C*Tyson Chandler
44.5%
Heat, F*Michael Beasley
44.2%
Lakers, GDerek Fisher
43.9%
Pistons, FTayshaun Prince
43.8%
Knicks, G*Jamal Crawford
43.6%
Pelicans, G*Eric Gordon
43.2%
Grizzlies, F*Rudy Gay
42.5%
76ers, G/F*Kyle Korver
42.5%
Heat, GEddie Jones
42.2%
Pacers, FMetta World Peace
41.5%
Nuggets, F/G*Wilson Chandler
41.5%
Kings, FPeja Stojakovic
41.4%
Lakers, FLamar Odom
41.2%
Magic, G*Jameer Nelson
41%
Nuggets, FKenyon Martin
39.9%
Kings, GKevin Martin
39.8%
Warriors, G/FJason Richardson
39.8%
Clippers, G/FQuentin Richardson
39.7%
Rockets, GSteve Francis
39.2%
Knicks, FDavid Lee
38.7%
Pacers, FDanny Granger
38.4%
Bulls, F*Luol Deng
37.8%
Cavaliers, CZydrunas Ilgauskas
37.3%
Hawks, G*Jeff Teague
37.1%
Thunder, F*Serge Ibaka
36.9%
Clippers, C*DeAndre Jordan
36.8%
Nets, G*Devin Harris
34.8%
Jazz, FAndrei Kirilenko
34.7%
Grizzlies, G*Courtney Lee
34.7%
Pelicans, F*Ryan Anderson
33.9%
Bucks, C*Andrew Bogut
33.4%
Mavericks, G/FMichael Finley
33%
Magic, FHedo Turkoglu
32.8%
Primary Team, Position Player % Correct
Nuggets, F/C*Nene
32.6%
Bulls, F*Jimmy Butler
32.1%
Magic, G*J.J. Redick
30.8%
76ers, F*Thaddeus Young
30.8%
Bulls, GKirk Hinrich
30.8%
Pistons, G/FJerry Stackhouse
30.4%
Wizards, F/C*Marcin Gortat
29.8%
Bobcats, F/C*Emeka Okafor
29.4%
Bucks, GSam Cassell
28.8%
Lakers, G*Nick Young
28.6%
Hornets, F*Trevor Ariza
28.2%
Bobcats, G*Raymond Felton
28%
76ers, G*Jrue Holiday
27.8%
Pistons, F*Tobias Harris
27.7%
Bucks, G*Brandon Jennings
27.2%
Clippers, G/FCorey Maggette
26.8%
Suns, G*Goran Dragic
26.7%
Jazz, F/CMehmet Okur
26.2%
Bucks, F*Giannis Antetokounmpo
25.7%
Clippers, FMatt Barnes
25.2%
Kings, G/F*Tyreke Evans
25.1%
Trail Blazers, G/F*Nicolas Batum
25.1%
Nuggets, G/F*Danilo Gallinari
24.4%
Rockets, GCuttino Mobley
24.2%
Kings, G*Darren Collison
23.7%
Clippers, CChris Kaman
23.6%
Hawks, FShareef Abdur-Rahim
23.5%
Grizzlies, GO.J. Mayo
23.2%
Suns, G*Leandro Barbosa
22.9%
Bobcats, FBoris Diaw
22%
Pistons, C/F*Greg Monroe
22%
Suns, GRaja Bell
21.7%
Pacers, FAl Harrington
21.6%
Grizzlies, FShane Battier
21.4%
Raptors, F/CAndrea Bargnani
21.1%
Wizards, GLarry Hughes
20.7%
Raptors, G*Jose Calderon
20.6%
Nuggets, GTy Lawson
19.4%
Timberwolves, G/FWally Szczerbiak
18.7%
Trail Blazers, G*Wesley Matthews
18.1%
Raptors, G/FMorris Peterson
17.7%
Pistons, GRodney Stuckey
17.5%
Pacers, G/F*Mike Dunleavy
17.3%
Rockets, FLuis Scola
16.3%
76ers, CSamuel Dalembert
16.2%
Jazz, G/F*C.J. Miles
16.1%
Cavaliers, FDrew Gooden
15.6%
Spurs, G*Marco Belinelli
14.8%
Bucks, G/FDesmond Mason
14.6%
Warriors, F/CTroy Murphy
14.6%
Wizards, G*Bradley Beal
14.6%
SuperSonics, GLuke Ridnour
14.2%
Mavericks, G*J.J. Barea
14.2%
Hawks, C*Zaza Pachulia
13.6%
Suns, F/C*Channing Frye
13.2%
Jazz, FMatt Harpring
12.8%
Timberwolves, G/F*Corey Brewer
12.2%
Magic, G/F*Arron Afflalo
10.7%
Timberwolves, GRandy Foye
10.5%
Nuggets, FJames Posey
10.1%
Kings, G/FJohn Salmons
9.9%
Suns, G*Eric Bledsoe
9.4%
Bucks, F*Ersan Ilyasova
8.6%
Bucks, FCharlie Villanueva
8.6%
Bucks, G*Ramon Sessions
7.9%
Kings, GBeno Udrih
7%

You're not logged in!

Compare scores with friends on all Sporcle quizzes.
Join for Free
OR
Log In

You Might Also Like...

Show Comments

Extras

Top Quizzes Today


Score Distribution

Your Account Isn't Verified!

In order to create a playlist on Sporcle, you need to verify the email address you used during registration. Go to your Sporcle Settings to finish the process.

Report this User

Report this user for behavior that violates our Community Guidelines.

Details: